| 000 | 00566nam a2200193 u 4500 | ||
|---|---|---|---|
| 005 | 20220531063709.0 | ||
| 008 | 120626s2009 es r 000 0 spa d | ||
| 020 | _a9788493710453 | ||
| 035 | _aUPN01000185471 | ||
| 049 | _aCG | ||
| 050 | 4 |
_aPQ8520.1 L4.2 _bH6.5 |
|
| 100 | 1 |
_aAlcántara, Ricardo, _d1946- _930578 |
|
| 245 | 1 | 3 |
_aEl hombre del cabello blanco / _cRicardo Alcántara ; il. Saúl García. |
| 260 |
_aAlcalá la Real, Esp. : _bM1C, _c2009. |
||
| 300 |
_a124 p. : _bil. |
||
| 650 | 7 |
_aLiteratura uruguaya _2 _95065 |
|
| 905 | _aLibro | ||
| 999 |
_c157574 _d157574 |
||